Language Quiz

Random Language or Letter Quiz

Word Chain (4-Letter Links) Quiz Stats

Quiz Updated Aug 28, 2012

Also try: Common Bonds Chain
Challenge
Share
Tweet
Embed
Score 0/32 Timer 07:00
0 Plays Today
Clue Word % Correct
Truthful, doesn't tell lies ('Abe' e.g.) (6)honest
94%
Empty ________: kids have all left the house (6)nester
78.6%
'Browsing' on the internet (7)surfing
74.8%
The part of the hand that gets polish (10)fingernail
74.6%
Specifically what the hammer hits (8)nailhead
73.2%
Padded part of a chair extending up from the back (8)headrest
65%
Speck of precipitation (8)raindrop
62.1%
To participate in a sport in which a sailboard is used (8)windsurf
60.6%
What gets punched at the start and end of a shift (8)time card
56.7%
Game combining elements of baseball and soccer (8)kickball
56.7%
To prevent from doing or expressing something (8)restrain
54.6%
An attacking maneuver in professional wrestling (8)dropkick
54.6%
Small, polished plane surface of a cut gem (5)facet
47.1%
Simplified and standardized conception or image (10)stereotype
47%
Song where everyone joins in (9)sing-along
47%
Record of muscle activity within the heart (10)cardiogram
45.9%
Clue Word % Correct
Situated on or toward the lee side (8)downwind
43.7%
Popular fabric pattern for men’s suits (9)pinstripe
43.5%
Colorless and volatile liquid used as a solvent (7)acetone
42.6%
Person living on his or her retirement funds (9)pensioner
42.6%
Particular printing design, style or font (8)typeface
42.1%
Reduction in price (8)markdown
41.2%
Old-fashioned term for record player (10)gramophone
41.1%
Having had a specified role for an extended period (8)longtime
40.6%
Extremely and suddenly excited, upset or angry (9)ballistic
40.2%
Brings to completeness or perfection (6)ripens
39.5%
Major figures in organized crime (8)kingpins
39%
Involving, imposing or constituting a burden (7)onerous
35.8%
Giving rise to excitement (7)rousing
35.2%
To set aside for a specific purpose or use (7)earmark
34.2%
Describes a point that causes negotiations to stall (8)sticking
33.1%
The part of a record player that carries the needle (7)tonearm
29.5%

You're not logged in!

Compare scores with friends on all Sporcle quizzes.
Sign Up with Email
OR
Log In

You Might Also Like...

Show Comments

Extras

Top Quizzes Today


Score Distribution

Your Account Isn't Verified!

In order to create a playlist on Sporcle, you need to verify the email address you used during registration. Go to your Sporcle Settings to finish the process.